<?xml version="1.0" encoding="UTF-8"?>
<record
    xmlns:xsi="http://www.w3.org/2001/XMLSchema-instance"
    xsi:schemaLocation="http://www.loc.gov/MARC21/slim http://www.loc.gov/standards/marcxml/schema/MARC21slim.xsd"
    xmlns="http://www.loc.gov/MARC21/slim">

  <leader>02369nam a2200205 a 4500</leader>
  <controlfield tag="001">000045894</controlfield>
  <controlfield tag="005">20240226184457.0</controlfield>
  <controlfield tag="008">150526s2015    dr            000 0 spa d</controlfield>
  <datafield tag="020" ind1=" " ind2=" ">
    <subfield code="a">9789945492668</subfield>
  </datafield>
  <datafield tag="040" ind1=" " ind2=" ">
    <subfield code="a">DO-SdBNP</subfield>
    <subfield code="b">spa</subfield>
    <subfield code="c">BNPHU</subfield>
  </datafield>
  <datafield tag="082" ind1=" " ind2=" ">
    <subfield code="a">xxxx</subfield>
    <subfield code="b">xxxx</subfield>
  </datafield>
  <datafield tag="245" ind1="0" ind2="0">
    <subfield code="a">Memoria :</subfield>
    <subfield code="b">Premio Internacional Pedro Henr&#xED;quez Ure&#xF1;a 2014 otorgado al poeta nicarag&#xFC;ense Ernesto Crdenal y al escritor uruguayu Eduardo Galeando /</subfield>
    <subfield code="c">compilador, editor Luis O. Brea Franco ; pr&#xF3;logo Luis O. Brea Franco.</subfield>
  </datafield>
  <datafield tag="260" ind1=" " ind2=" ">
    <subfield code="a">Santo Domingo :</subfield>
    <subfield code="b">Ministerio de Cultura,</subfield>
    <subfield code="b">Nacional,</subfield>
    <subfield code="c">2015.</subfield>
  </datafield>
  <datafield tag="300" ind1=" " ind2=" ">
    <subfield code="a">159 p. :</subfield>
    <subfield code="b">il. ;</subfield>
    <subfield code="c">23 cm.</subfield>
  </datafield>
  <datafield tag="500" ind1=" " ind2=" ">
    <subfield code="a">Incluye referencias bibliogr&#xE1;ficas y notas al pie de las p&#xE1;ginas.</subfield>
  </datafield>
  <datafield tag="504" ind1=" " ind2=" ">
    <subfield code="a">Bibliograf&#xED;a p. 155-156</subfield>
  </datafield>
  <datafield tag="505" ind1="0" ind2=" ">
    <subfield code="a">Palabras del honorable se&#xF1;or ministro de cultura de la Rep&#xFA;blica Dominicana Jos&#xE9; Antonio Rodr&#xED;guez, en el acto de entrega del Premio Internacional Pedro Henr&#xED;quez Ure&#xF1;a, 24 de abril de 2014 --</subfield>
    <subfield code="t">Dictamen Premio Internacional Pedro Henr&#xED;quez Ure&#xF1;a que se otorga al escritor nicarag&#xFC;ense Ernesto Crdenal --</subfield>
    <subfield code="t">Dictamen Premio Internacional Pedro Henr&#xED;quez Ure&#xF1;a que se otorga al escritor uruguayo Ernesto Crdenal --</subfield>
    <subfield code="t">Lecci&#xF3;n magistral del galardonado Ernesto Cardenal --</subfield>
    <subfield code="t">Coloquio Jos&#xE9; Emilio Pacheco --</subfield>
    <subfield code="t">Jos&#xE9; Emilio Pacheco, tiempo de poes&#xED;a y poes&#xED;a de tiempo /</subfield>
    <subfield code="r">Liliana Weinberg --</subfield>
    <subfield code="t">Usted se enter&#xF3; de lejos: La problem&#xE1;tica del autor y la autoridad en morir&#xE1;s lejos de Jos&#xE9; Emilio Pacheco /</subfield>
    <subfield code="r">Ram&#xF3;n Victoriano-Mart&#xED;nez --</subfield>
    <subfield code="t">Coloquio Pedro Henr&#xED;quez Ure&#xF1;a</subfield>
    <subfield code="r">Pedro Henr&#xED;quez Ure&#xF1;a: La historia de la cultura en cuanto campo de batalla /</subfield>
    <subfield code="r">Rafael Mondrag&#xF3;n --</subfield>
    <subfield code="t">Pedro Henr&#xED;quez Ure&#xF1;a &#xBF;entre primicias y olvidos? /</subfield>
    <subfield code="r">Sherezada (Chiqui) Vicioso --</subfield>
    <subfield code="t">Pedro Henr&#xED;quez Ure&#xF1;a y la pr&#xE1;ctica de la cr&#xED;tica musical /</subfield>
    <subfield code="r">Berenice Villag&#xF3;mez --</subfield>
    <subfield code="t">Coloquio sobre la obra de Galeano /</subfield>
    <subfield code="t">Disertaci&#xF3;n sobre la obra de Galeano: El derecho a la palabra. Eduardo Galeano y la Am&#xE9;rica Latina del siglo XXI /</subfield>
    <subfield code="r">Jorge Carlos Guerrero --</subfield>
    <subfield code="t">Coloquio sobre la obra de Ernesto Cardenal --</subfield>
    <subfield code="t">El sustrato espiritual de la poes&#xED;a moderna /</subfield>
    <subfield code="r">Jos&#xE9; Luis Vega --</subfield>
    <subfield code="t">La poes&#xED;a es un estado de la materia: poes&#xED;a beatnik y misticismo cient&#xED;fico en el Canto C&#xF3;smico, de Ernesto Cardenal /</subfield>
    <subfield code="r">Elidio la Torre Lagares , PH. D.</subfield>
  </datafield>
  <datafield tag="586" ind1=" " ind2=" ">
    <subfield code="a">Premio Internacional Pedro Henr&#xED;quez Ure&#xF1;a</subfield>
  </datafield>
  <datafield tag="700" ind1="1" ind2="2">
    <subfield code="a">Brea Franco, Luis O.</subfield>
    <subfield code="e">comp.</subfield>
    <subfield code="9">7125</subfield>
  </datafield>
  <datafield tag="952" ind1=" " ind2=" ">
    <subfield code="0">0</subfield>
    <subfield code="1">0</subfield>
    <subfield code="5">4</subfield>
    <subfield code="7">0</subfield>
    <subfield code="8">DS</subfield>
    <subfield code="a">GR</subfield>
    <subfield code="b">GR</subfield>
    <subfield code="c">HD</subfield>
    <subfield code="d">2015-05-26</subfield>
    <subfield code="i">LF1</subfield>
    <subfield code="l">0</subfield>
    <subfield code="o">xxxx xxxx</subfield>
    <subfield code="p">45894-30</subfield>
    <subfield code="r">2020-06-25</subfield>
    <subfield code="t">e. 3</subfield>
    <subfield code="w">2020-06-25</subfield>
    <subfield code="y">LFDS</subfield>
    <subfield code="Z">Pr&#xE9;stamo en sala</subfield>
  </datafield>
  <datafield tag="952" ind1=" " ind2=" ">
    <subfield code="0">0</subfield>
    <subfield code="1">0</subfield>
    <subfield code="5">4</subfield>
    <subfield code="7">0</subfield>
    <subfield code="8">DS</subfield>
    <subfield code="a">GR</subfield>
    <subfield code="b">GR</subfield>
    <subfield code="c">HD</subfield>
    <subfield code="d">2015-08-17</subfield>
    <subfield code="i">LF1</subfield>
    <subfield code="l">0</subfield>
    <subfield code="o">xxxx xxxx</subfield>
    <subfield code="p">45894-40</subfield>
    <subfield code="r">2020-06-25</subfield>
    <subfield code="t">e. 4</subfield>
    <subfield code="w">2020-06-25</subfield>
    <subfield code="y">LFDS</subfield>
    <subfield code="Z">Pr&#xE9;stamo en sala</subfield>
  </datafield>
  <datafield tag="952" ind1=" " ind2=" ">
    <subfield code="0">0</subfield>
    <subfield code="1">0</subfield>
    <subfield code="5">4</subfield>
    <subfield code="7">0</subfield>
    <subfield code="8">DS</subfield>
    <subfield code="a">GR</subfield>
    <subfield code="b">GR</subfield>
    <subfield code="c">HD</subfield>
    <subfield code="d">2015-08-17</subfield>
    <subfield code="i">LF1</subfield>
    <subfield code="l">0</subfield>
    <subfield code="o">xxxx xxxx</subfield>
    <subfield code="p">45894-50</subfield>
    <subfield code="r">2020-06-25</subfield>
    <subfield code="t">e. 5</subfield>
    <subfield code="w">2020-06-25</subfield>
    <subfield code="y">LFDS</subfield>
    <subfield code="Z">Pr&#xE9;stamo en sala</subfield>
  </datafield>
  <datafield tag="952" ind1=" " ind2=" ">
    <subfield code="0">0</subfield>
    <subfield code="1">0</subfield>
    <subfield code="7">1</subfield>
    <subfield code="8">PD</subfield>
    <subfield code="a">PD</subfield>
    <subfield code="b">PD</subfield>
    <subfield code="c">HD</subfield>
    <subfield code="d">2015-05-26</subfield>
    <subfield code="i">LF1</subfield>
    <subfield code="l">0</subfield>
    <subfield code="o">xxxx xxxx</subfield>
    <subfield code="p">45894-10</subfield>
    <subfield code="r">2020-06-25</subfield>
    <subfield code="w">2020-06-25</subfield>
    <subfield code="y">LFPD</subfield>
    <subfield code="Z">No se presta</subfield>
  </datafield>
  <datafield tag="952" ind1=" " ind2=" ">
    <subfield code="0">0</subfield>
    <subfield code="1">0</subfield>
    <subfield code="7">1</subfield>
    <subfield code="8">PD</subfield>
    <subfield code="a">PD</subfield>
    <subfield code="b">PD</subfield>
    <subfield code="c">HD</subfield>
    <subfield code="d">2015-05-26</subfield>
    <subfield code="i">LF1</subfield>
    <subfield code="l">0</subfield>
    <subfield code="o">xxxx xxxx</subfield>
    <subfield code="p">45894-20</subfield>
    <subfield code="r">2020-06-25</subfield>
    <subfield code="t">e. 2</subfield>
    <subfield code="w">2020-06-25</subfield>
    <subfield code="y">LFPD</subfield>
    <subfield code="Z">No se presta</subfield>
  </datafield>
  <datafield tag="999" ind1=" " ind2=" ">
    <subfield code="c">45383</subfield>
    <subfield code="d">45383</subfield>
  </datafield>
</record>
